000 00867nam a2200253 4500
003 OSt
005 20260601193846.0
008 260418b1999 xv a|||| |||| 00| 0 eng d
040 _aICI
_bspa
_cICI
050 _aTS171.4
_bZ4313
100 1 _aZec, Peter,
_929204
245 1 _aDesigning success :
_bstrategies, concepts, processes /
_cPeter Zec ; editor, Jana Althöfer ; translated from the German by Keith Lunn
264 _bDesign Zentrum Nordrhein Westfalen,
_c1999
_a Essen :
300 _a119 páginas
_bilustraciones
336 _atexto
_2rdacontent
337 _asin medio
_2rdamedia
338 _avolumen
_2rdacarrier
500 _a Traducción de: Mit design auf Erfolgskurs
650 _aDiseño industrial
650 _aDiseño industrial
_xPlaneacion
_931458
700 _aAlthöfer, Jana,
_931459
700 _aLunn, Keith,
_931460
942 _2lcc
_cB
999 _c21646
_d21646